Education and social change in india : (Record no. 125581)
[ view plain ]
| 000 -LEADER | |
|---|---|
| fixed length control field | 00742nam a22002297a 4500 |
| 005 - DATE AND TIME OF LATEST TRANSACTION | |
| control field | 20170124105957.0 |
| 010 ## - LIBRARY OF CONGRESS CONTROL NUMBER | |
| LC control number | A-389613 |
| 020 ## - INTERNATIONAL STANDARD BOOK NUMBER | |
| Terms of availability | 00.00 |
| International Standard Book Number | 8170271525 |
| 035 ## - SYSTEM CONTROL NUMBER | |
| System control number | A-389613 |
| 037 ## - SOURCE OF ACQUISITION | |
| Source of stock number/acquisition | Cen Lib/Ret |
| 040 ## - CATALOGING SOURCE | |
| Original cataloging agency | DPL |
| Language of cataloging | EN |
| 082 ## - DEWEY DECIMAL CLASSIFICATION NUMBER | |
| Classification number | 370.954 |
| Item number | KAP |
| 100 ## - MAIN ENTRY--PERSONAL NAME | |
| Personal name | Kapil, Fathima Kutty |
| 9 (RLIN) | 14835 |
| 245 ## - TITLE STATEMENT | |
| Title | Education and social change in india : |
| Statement of responsibility, etc | by Fathima Kutty Kapil |
| Remainder of title | vizagapatam district / |
| 260 ## - PUBLICATION, DISTRIBUTION, ETC. (IMPRINT) | |
| Place of publication, distribution, etc | New Delhi |
| Name of publisher, distributor, etc | Radiant Publishers |
| Date of publication, distribution, etc | 1990 |
| 270 ## - ADDRESS | |
| City | New Delhi |
| Postal code | 110019 |
| Address | E-155, kalka ji |
| 300 ## - PHYSICAL DESCRIPTION | |
| Extent | xv, 118p. |
| Dimensions | 21cm(Hb) |
| 500 ## - GENERAL NOTE | |
| General note | Includes bibliographical references and index |
| 650 ## - SUBJECT ADDED ENTRY--TOPICAL TERM | |
| Topical term or geographic name as entry element | Education |
| Geographic subdivision | India |
| 9 (RLIN) | 8226 |
| 650 ## - SUBJECT ADDED ENTRY--TOPICAL TERM | |
| Topical term or geographic name as entry element | Social change |
| 9 (RLIN) | 14836 |
| 942 ## - ADDED ENTRY ELEMENTS (KOHA) | |
| Source of classification or shelving scheme | Dewey Decimal Classification |
| Koha item type | English Books |
| Classification part | 370.954 |
| Call number suffix | KAP |
| Withdrawn status | Lost status | Damaged status | Not for loan | Home library | Current library | Date acquired | Source of acquisition | Cost, normal purchase price | Total Checkouts | Full call number | Barcode | Date last seen | Copy number | Cost, replacement price | Price effective from | Koha item type | Public note |
|---|---|---|---|---|---|---|---|---|---|---|---|---|---|---|---|---|---|
| Written off | Central Library | Central Library | 22/06/2015 | Cen Lib/Ret | 0.00 | 370.954 KAP | A-389613 | 22/06/2015 | 1 | 0.00 | 22/06/2015 | English Books | W/d List No. 6883/14 ; dtd 05/09/2020 |
